Регионална библиотека "Любен Каравелов" - Русе

Ръж (Запис номер 341595)

MARC детайли
000 -Лидер
Контролно поле с фиксирана дължина 01467nam a2200385 c 4500
003 - Код на организацията, давaща контролен номер
Контролно поле BLK
005 - Дата и час на последна редакция
Контролно поле 20241015091929.0
008 - Елементи от данни с фиксирана дължина
fixed length control field 180911b bul|||||r ||||||| ||bul||
010 ## - Наследен системен номер
LC control number 001225
040 ## - Източник на каталожния запис
Идентификатор на билиотеката - собственик на записа BLK
041 ## - Код за език
Код за езика на текст/звукозапис или на отделно заглавие Български
Код за езика КДБФ Български
080 ## - УДК
УДК - код + определител 821.163.2-32
Текстов определител УДК Българска литература
УДК код - определител по УДК 821.163.2
УДК определител -32
100 1# - Редна дума - Автор
Автор Каралийчев, Ангел Иванов
Дати, свързани с автора 1902-1972
R(LIN) 76702
245 00 - Сведения за заглавието
Заглавие Ръж
246 ## - Различни форми на заглавието
Наименование на поредна част от произведението епос-разкази
260 ## - Област на издателските данни
Място на издаване, разпространение и проч. София
Година на издаване 1925
Печатница Плевен : Изгрев
300 ## - Физическа характеристика
Страници 64 с
Размери/Мащаб 19 см
380 ## - Жанр
Жанр Литературознание
490 ## - СЕРИИ (Колекции)
Име на серия Библиотека Нов път
490 ## - СЕРИИ (Колекции)
Име на серия Частна колекция - Академик Михаил Арнаудов
Бележки за серията Дарение - Основен фонд
500 ## - Общи забележки
Забележка Автограф с текст: На Г-н Мих. Арнаудов : спомен. Ангел Каралийчев София 15 март 1925 (инв.№ 587415)
500 ## - Общи забележки
Забележка Автограф с текст: На г-н Мих. Арнаудов спомен от А Каралийчев. София. дек. 1925 (инв.№ 588433)
650 ## - Допълнително описание по предмет – тема
Основно описание – тема или топоним Проза
9 (RLIN) 167961
653 ## - Ключова дума – ненормативна
Ключова дума епос
653 ## - Ключова дума – ненормативна
Ключова дума разкази
655 ## - Ключова дума – жанр/разновидност
Данни за жанр/разновидност или ключова дума за фокус българска литература
852 ## - Местоположение
Форматна сигнатура МА 520
Фондова буква Фонд "Михаил Арнаудов"
942 ## - АРТИКУЛИ
Вид на библиотечния материал Книги
Скрит в OPAC Не
Периодичен библиозапис Да
944 ## - СЪЗДАВАНЕ И РЕДАКЦИЯ на ЗАПИСА
Създаване/Редакция Създаване
Дата на регистрацията/редакция 1995
Статус, дата на статуса Геновева Генчева
Служител, извършил регистрацията/редакцията 30560
999 ## - СИСТЕМНИ КОНТРОЛНИ НОМЕРА
Koha biblionumber 341595
Koha biblioitemnumber 341595
999 ## - СИСТЕМНИ КОНТРОЛНИ НОМЕРА
Koha biblioitemnumber 341595
999 ## - СИСТЕМНИ КОНТРОЛНИ НОМЕРА
Koha biblioitemnumber 341595
999 ## - СИСТЕМНИ КОНТРОЛНИ НОМЕРА
Koha biblioitemnumber 341595
999 ## - СИСТЕМНИ КОНТРОЛНИ НОМЕРА
Koha biblioitemnumber 341595
999 ## - СИСТЕМНИ КОНТРОЛНИ НОМЕРА
Koha biblioitemnumber 341595
Наличности
Код за отписване Код за изгубен артикул Източник на класификационната схема Код за повреда Коз за рестрикции Код за отдаване Артикулен № Име на библиотеката - собственик Име на библиотеката, в която се намира в момента Статус (Текущо местоположение) Местоположение - отдел Цена в лева Номерация (Хронология) Инвентарен номер Систематично азбучна сигнатура Баркод Номер на екземпляра Цена в евро Служебен тип на артикула
  Не е изгубен Universal Decimal Classification Не е повреден само за читалня Специални фондове ( старопечатни, редки и ценни, фонд М. Арнаудов) 741569 Регионална библиотека "Любен Каравелов" Русе Регионална библиотека "Любен Каравелов" Русе Фонд "Михаил Арнаудов" Фонд "Михаил Арнаудов" 1.50 Автограф: Ангел Каралийчев 587415 МА 520 120000587415 1 0.77 Книги
  Не е изгубен Universal Decimal Classification Не е повреден само за читалня Специални фондове ( старопечатни, редки и ценни, фонд М. Арнаудов) 741570 Регионална библиотека "Любен Каравелов" Русе Регионална библиотека "Любен Каравелов" Русе Фонд "Михаил Арнаудов" Фонд "Михаил Арнаудов" 15.00 Автограф: Ангел Каралийчев 588433 МА 520 120000588433 2 7.67 Книги
Vip Innovations Ltd, Rousse, Bulgaria 2025